| 000 | 00602nam a2200205Ia 4500 | ||
|---|---|---|---|
| 005 | 20250508162744.0 | ||
| 008 | 008 250505s9999 xx 000 0 eng d | ||
| 020 | _a81-7141-145-2 (Set) | ||
| 037 | _aReference | ||
| 040 |
_aFEDL _beng _cFEDL |
||
| 041 |
_aeng _2eng |
||
| 084 |
_a306.4, BER _qFEDL |
||
| 100 | _aBerger Peter L | ||
| 245 | 0 | _aSocial construction of reality: A treatise in the sociology of knowledge | |
| 260 |
_aLondon, UK _bPenguin Books _c1984 |
||
| 300 | _a249p. | ||
| 700 |
_a Luckmann Thomas _9773983 |
||
| 942 |
_cREF _h306.4, BER |
||
| 999 |
_c1378508 _d1378508 |
||